000 00240nam a2200097Ia 4500
001 1224437
005 20250827092926.0
008 250824s9999 xx 000 0 und d
245 0 _aKARA OK
_cR.L.STEVENSON
260 _bALTIN ÇOCUK KİTAPLARI
999 _c1224437
_d1224437